000
00302nam a2200097Ia 4500
001
775560
005
20250826165831.0
008
250824s9999 xx 000 0 und d
245
0
_a
KUYRUKLU YILDIZ ALTINDA BİR İZDİVAÇ MELEK SANMIŞTIM ŞEYTANI
_c
HÜSEYİN RAHMİ GÜRPINAR
260
_b
EVEREST YAYINLARI
999
_c
775560
_d
775560